|
|
|
|
| LEADER |
00000cam a2200000 a 4500 |
| 001 |
60328 |
| 003 |
Ucuenca |
| 005 |
20230308161126.0 |
| 008 |
980050|1978 ||||||||r|||||||||||spa|| |
| 020 |
|
|
|a 84 70882155
|
| 040 |
|
|
|b spa
|
| 041 |
|
|
|a spa
|
| 082 |
0 |
|
|a 323
|
| 100 |
1 |
|
|a Senador Gomez, Julio
|9 23715
|
| 245 |
1 |
1 |
|a Castilla en escombros: la leyes, las tierras, el trigo y el hambre. Los derechos del hombre y los del hambre
|c Julio Senador Gomez
|h imp
|
| 264 |
|
|
|a Madrid
|b Comercial Malvan
|c 1978
|
| 300 |
|
|
|a 398 páginas:
|c 22 cm
|
| 650 |
1 |
|
|a Castilla
|9 23716
|
| 650 |
1 |
0 |
|a Régimen jurídico
|9 53975
|
| 650 |
1 |
|
|a Democracia
|9 267
|
| 650 |
1 |
|
|a Clases sociales
|9 1136
|
| 852 |
|
|
|a UC-CDJBV
|f Compra
|l 1
|m General
|p 19800508
|q 350
|r 2
|t 60328
|b 0
|d CDRC
|e CDRC
|g 323 PRIMER PISO
|z 1980-00-50
|
| 942 |
|
|
|c BK
|
| 999 |
|
|
|c 13386
|d 13386
|